Mastering world religions

Uložené v:
Podrobná bibliografia
Hlavný autor: Colledge, Ray
Médium: Kniha
Jazyk:English
Vydavateľské údaje: Houndmills Palgrave Macmillan 1999
Edícia:Palgrave master series
Predmet:
Tagy: Pridať tag
Žiadne tagy, Buďte prvý, kto otaguje tento záznam!

MARC

LEADER 00000nam$a2200000$$$4500
001 0113615
005 20240111125455.3
020 |a 978-0-333-68107-7 
020 |a 0-333-68107-X 
041 0 |a eng 
044 |a GB 
245 1 0 |a Mastering world religions  |c Ray Colledge 
264 1 |a Houndmills  |b Palgrave Macmillan  |c 1999 
300 |a 304 s. 
490 1 |a Palgrave master series 
830 0 |a Palgrave master series 
610 2 0 |a náboženstvo 
610 2 0 |a kresťanstvo 
610 2 0 |a islam 
610 2 0 |a štýl životný 
610 2 0 |a správanie 
610 2 0 |a zvyklosti kultúrne 
610 2 0 |a svet 
100 1 |a Colledge, Ray